000 00775nam a22002177a 4500
003 UA-OsUOA
001 71162
007 ta
008 20101006b un ||||| |||| 00| 0 ukr d
100 _aРадионова Т.С.
090 _a82
_bР15
942 _cSA
040 _aUA-OsUOA
_bukr
_cUA-OsUOA
_dUA-OsUOA
245 _aИстория российской журналистики дооктябрьского периода в зарубежных исследованиях
300 _aС.81-97
955 _a0
041 _aukr
080 _a82
773 0 _w71159
_tВестник Московского университета. Серия 10. Журналистика
_dМ.
_d2010
_g3
650 7 _a82 Література. Літературознавство
_2UDC
999 _c357436
_d357436